00566nam a22001577a 4500003000900000008004100009040007100050082001800121110004200139245002700181300002800208505013000236650001600366650001600382650001000398AR-CdUCM190410b           ||||| |||| 00| 0 spa d  aMUNICIPALIDAD PROVINCIAL DEL CUSCOcBIBLIOTECA MUNICIPAL DEL CUSCO  a985.61 /bC97  aPrefectura del departamento del Cusco  aProvincias del Cusco /  a322 páginas ;c27 cm.  aContenido : Prefectura del departamento del Cusco -- Ministerio de gobierno y policía -- Policía -- Ministerio guerra ...  aMinisterios  aProvincias   aCusco